[Event "USA-ch13 prel 04 corr"]
[Site "USA"]
[Date "1996.06.24"]
[Round "?"]
[White "Brandhorst, Wesley Ted"]
[Black "Matzke, Michael"]
[Result "1-0"]
[WhiteElo "2110"]
[BlackElo "2209"]
[PlyCount "65"]
[EventDate "1996.??.??"]
[EventType "tourn (corr)"]
[EventRounds "9"]
[EventCountry "USA"]
[SourceTitle "Corr 2006"]
[Source "ChessBase"]
[SourceDate "2006.04.01"]
[SourceVersion "3"]
[SourceVersionDate "2006.04.01"]
[SourceQuality "1"]

1. d4 Nf6 2. c4 e6 3. Nc3 Bb4 4. Qc2 c5 5. dxc5 Na6 6. a3 Bxc3+ 7. Qxc3 Nxc5 8. f3 d5 9. cxd5 b6 10. Bg5 exd5 11. Bxf6 gxf6 12. e3 0-0 13. b4 Ne6 14. Bd3 Bd7 15. Ne2 Ba4 16. 0-0 Rc8 17. Qb2 Qe7 18. Nc3 Bc6 19. Bf5 Rcd8 20. Qc2 d4 21. Ne2 Bb5 22. Bxh7+ Kh8 23. Bd3 Rc8 24. Qb1 Bc6 25. Qe1 f5 26. Nxd4 Nxd4 27. exd4 Qg5 28. Qe5+ f6 29. Qxf5 Qh6 30. Rfe1 Rc7 31. d5 Bb7 32. d6 Bc8 33. dxc7 1-0

[Event "USA-ch13 prel 04 corr"]
[Site "USA"]
[Date "1996.06.24"]
[Round "?"]
[White "Matzke, Michael"]
[Black "Hriczo, Joseph W"]
[Result "1-0"]
[WhiteElo "2209"]
[BlackElo "2030"]
[PlyCount "61"]
[EventDate "1996.??.??"]
[EventType "tourn (corr)"]
[EventRounds "9"]
[EventCountry "USA"]
[SourceTitle "Corr 2006"]
[Source "ChessBase"]
[SourceDate "2006.04.01"]
[SourceVersion "3"]
[SourceVersionDate "2006.04.01"]
[SourceQuality "1"]

1. e4 c5 2. Nf3 d6 3. d4 cxd4 4. Nxd4 Nf6 5. Nc3 g6 6. Be3 Bg7 7. f3 Nc6 8. Qd2 0-0 9. Bc4 Bd7 10. 0-0-0 Ne5 11. Bb3 Qa5 12. h4 Rfc8 13. Kb1 Nc4 14. Bxc4 Rxc4 15. Nb3 Qc7 16. Bd4 Bc6 17. h5 a5 18. hxg6 hxg6 19. Qe2 b5 20. e5 dxe5 21. Bxe5 Qc8 22. Nd2 Rc5 23. Bd4 b4 24. Qxe7 bxc3 25. Bxf6 Rb5 26. Bxg7 Kxg7 27. Nb3 Qf5 28. Qe3 Qe5 29. Qh6+ Kf6 30. Rhe1 Qg3 31. Qe3 1-0

[Event "USA-ch13 prel 04 corr"]
[Site "USA"]
[Date "1996.06.24"]
[Round "?"]
[White "Matzke, Michael"]
[Black "Pinto, Mark A"]
[Result "1/2-1/2"]
[WhiteElo "2209"]
[BlackElo "2060"]
[PlyCount "51"]
[EventDate "1996.??.??"]
[EventType "tourn (corr)"]
[EventRounds "9"]
[EventCountry "USA"]
[SourceTitle "Corr 2006"]
[Source "ChessBase"]
[SourceDate "2006.04.01"]
[SourceVersion "3"]
[SourceVersionDate "2006.04.01"]
[SourceQuality "1"]

1. e4 c5 2. Nf3 e6 3. d4 cxd4 4. Nxd4 a6 5. Nc3 Qc7 6. Be2 Nf6 7. 0-0 Bc5 8. Nb3 Be7 9. Be3 d6 10. a4 0-0 11. f4 Nbd7 12. Bf3 Rd8 13. a5 e5 14. f5 b5 15. g4 h6 16. Qe2 Bb7 17. Rad1 Nc5 18. Nd2 Nh7 19. b4 Nd7 20. Ndb1 Bg5 21. Bf2 Rac8 22. h4 Be7 23. Qe3 Qc4 24. Be1 d5 25. Be2 Qc7 26. Nxd5 1/2-1/2

[Event "USA-ch13 prel 04 corr"]
[Site "USA"]
[Date "1996.06.24"]
[Round "?"]
[White "Matzke, Michael"]
[Black "Smith, Murray"]
[Result "1-0"]
[WhiteElo "2209"]
[BlackElo "2138"]
[PlyCount "41"]
[EventDate "1996.??.??"]
[EventType "tourn (corr)"]
[EventRounds "9"]
[EventCountry "USA"]
[SourceTitle "Corr 2006"]
[Source "ChessBase"]
[SourceDate "2006.04.01"]
[SourceVersion "3"]
[SourceVersionDate "2006.04.01"]
[SourceQuality "1"]

1. e4 e5 2. Nf3 Nc6 3. Bb5 a6 4. Ba4 Nf6 5. 0-0 b5 6. Bb3 Bc5 7. c3 Nxe4 8. d4 exd4 9. cxd4 Be7 10. Re1 d5 11. a4 bxa4 12. Bxa4 Bd7 13. Nc3 Nxc3 14. bxc3 0-0 15. Qb3 Be8 16. c4 Bf6 17. Bxc6 Bxc6 18. c5 Re8 19. Be3 Re4 20. Qc3 Bb5 21. h3 1-0

[Event "USA-ch13 prel 04 corr"]
[Site "USA"]
[Date "1996.06.24"]
[Round "?"]
[White "Morrison, Jackson E"]
[Black "Matzke, Michael"]
[Result "0-1"]
[WhiteElo "2217"]
[BlackElo "2209"]
[PlyCount "62"]
[EventDate "1996.??.??"]
[EventType "tourn (corr)"]
[EventRounds "9"]
[EventCountry "USA"]
[SourceTitle "Corr 2006"]
[Source "ChessBase"]
[SourceDate "2006.04.01"]
[SourceVersion "3"]
[SourceVersionDate "2006.04.01"]
[SourceQuality "1"]

1. e4 c5 2. Nf3 d6 3. d4 cxd4 4. Nxd4 Nf6 5. Nc3 a6 6. Bg5 e6 7. f4 Be7 8. Qf3 Qc7 9. 0-0-0 Nbd7 10. g4 b5 11. Bxf6 Nxf6 12. g5 Nd7 13. f5 Bxg5+ 14. Kb1 Ne5 15. Qh5 Qd8 16. Rg1 h6 17. fxe6 g6 18. exf7+ Kf8 19. Qe2 Rh7 20. Nf3 Qf6 21. Nxg5 hxg5 22. Nd5 Qd8 23. Qe3 g4 24. Qb6 Qxb6 25. Nxb6 Rb8 26. Rxd6 Rxh2 27. Rd8+ Kxf7 28. Nxc8 Ke6 29. Re8+ Kf6 30. Bd3 g3 31. Rf1+ Kg7 0-1

[Event "USA-ch13 prel 04 corr"]
[Site "USA"]
[Date "1996.06.24"]
[Round "?"]
[White "Simon, Julius Henry"]
[Black "Matzke, Michael"]
[Result "1-0"]
[WhiteElo "2160"]
[BlackElo "2209"]
[PlyCount "63"]
[EventDate "1996.??.??"]
[EventType "tourn (corr)"]
[EventRounds "9"]
[EventCountry "USA"]
[SourceTitle "Corr 2006"]
[Source "ChessBase"]
[SourceDate "2006.04.01"]
[SourceVersion "3"]
[SourceVersionDate "2006.04.01"]
[SourceQuality "1"]

1. e4 c5 2. Nf3 d6 3. d4 cxd4 4. Nxd4 Nf6 5. Nc3 a6 6. Bg5 e6 7. f4 Be7 8. Qf3 Qc7 9. Be2 Nbd7 10. 0-0-0 b5 11. Bxf6 Nxf6 12. e5 Bb7 13. Qg3 dxe5 14. fxe5 Nd7 15. Bf3 0-0 16. Nd5 Bxd5 17. Bxd5 Rac8 18. Nc6 Nc5 19. Bf3 a5 20. Rd2 b4 21. Nxe7+ Qxe7 22. Kb1 a4 23. Rhd1 b3 24. cxb3 axb3 25. a3 Qc7 26. Rd6 Qa5 27. Qe1 Qa7 28. Qb4 Rb8 29. Qd4 Qa5 30. Rc1 Na6 31. Qc3 Nb4 32. Rd4 1-0